000 00692cab a2200205 4500
001 ABS51494
008 090401t1994 xxu||||| |||| 00| 0 eng d
035 _a(Sirsi) u30274
041 _aeng
100 _aPike, A.
245 4 _aThe complete works
260 _c1994
350 _a0
490 _aBuilding
_v259(7866) 28 October 1994, 34(1)
520 _aIntroduces the PSA/1 With Quantities contract, developed from the established GC/Works/1 form, describing its main provisions and comparing it with JCT forms and the New Engineering Contract.
650 _aPSA/1 WITH QUANITITES 1994
690 _aBUILT ENVIRONMENT-BUILDING CONTRACT FORMS
942 _n0
948 _c04/03/1997
999 _c20398
_d20398